Thai Science Fields - Statistics

General Stats
  • This quiz has been taken 5 times
  • The average score is 6 of 14
Answer Stats
Hint Answer % Correct
ชีววิทยา (chii wá wít tá yaa) biology
80%
สัตววิทยา (sàt wít tá yaa) zoology
80%
วิชาเคมี (wí chaa kee mii) chemistry
60%
วิศวกรรม (wít sà wá gam) engineering
60%
วิชาฟิสิคส์ (wí chaa fí sìk) physics
60%
ดาราศาสตร์ (dtaa raa sàat) astronomy
40%
ภาษาศาสตร์ (paa sǎa sàat) linguistics
40%
จิตวิทยา (jìt dtà wít tá yaa) psychology
40%
สังคมวิทยา (sǎng kom wít tá yaa) sociology
40%
โบราณคดีวิทยา (bpoo raan ná ká dtii wít tá yaa) archaeology
20%
พฤกษศาสตร์ (prʉ́k sà sàat) botany
20%
ธรณีวิทยา (tɔɔ rá nii wít tá yaa) geology
20%
อุตุนิยมวิทยา (ù tù ní yom wít tá yaa) meteorology
20%
นักบรรพชีวินวิทยา (nák bpàp chii win wít tá yaa) paleontology
20%
No matching quizzes found
Score Distribution
Percent of People with Each Score
Percentile by Number Answered
Your Score History
You have not taken this quiz